Chasse-Taupes 2 : Le Retour - Mort subite - Statistiques

Statistiques générales
  • Ce quiz a été pris 3 598 fois
  • Le résultat moyen est 10 sur 20
Answers on the Grid
Answers color-coded by a green-red scale on the quiz's grid according to % correct below.
 
Statistiques - réponses
Réponse % Correct
95%
92%
56%
56%
53%
52%
50%
48%
45%
43%
42%
42%
42%
41%
41%
41%
37%
37%
36%
36%
Aucun quiz correspondant
Distribution des résultats
% des personnes avec chaque résultat
Percentile par nombre de réponses
Votre historique - résultats
Vous n’avez pas pris ce quiz